| 000 | 00876nam a22002177a 4500 | ||
|---|---|---|---|
| 999 |
_c21966 _d21966 |
||
| 003 | AR-CdUCM | ||
| 008 | 190425b ||||| |||| 00| 0 spa d | ||
| 040 |
_aMUNICIPALIDAD PROVINCIAL DEL CUSCO _cBIBLIOTECA MUNICIPAL DEL CUSCO |
||
| 082 | _aEleconom/N°4/1992 | ||
| 110 |
_aUniversidad Nacional de San Antonio Abad del Cusco _915942 |
||
| 245 |
_aEl Economista / _cDirección del Programa Académico de Economía |
||
| 260 |
_aCusco : _bDirección del Programa Académico de Economía, _c1992. |
||
| 300 |
_a23 hojas. : _c29 cm. |
||
| 440 |
_aEl Economista. _nNúmero 4, año 1992 _947011 |
||
| 505 | _aContenido: Testimonio sobre el papel del economista. Alonso Aguilar. -- El costo del freno de la inflación. Paliza. | ||
| 650 |
_aEconomía _9382 |
||
| 650 |
_aInflación _94615 |
||
| 700 |
_aPaliza Gallegos, Luis Alberto _923827 |
||
| 942 |
_2ddc _cPP |
||
| 945 | _avhl | ||